Công chức và vấn đề xây dựng đội ngũ cán bộ, công chức hiện nay

Sách cung cấp kiến thức về kinh nghiệm xây dựng đội ngũ công chức của các nước trên thế giới và quá trình hình thành và phát triển đội ngũ công chức ở nước ta từ sau Cách mạng tháng Tám đến nay; đồng thời cung cấp những hiểu biết...

ver descrição completa

Na minha lista:
Detalhes bibliográficos
Autor principal: Tô Tử Hạ
Formato: Livro
Idioma:Undetermined
Publicado em: Hà Nội Chính trị Quốc gia 1998
Assuntos:
Tags: Adicionar Tag
Sem tags, seja o primeiro a adicionar uma tag!
Thư viện lưu trữ: Trung tâm Học liệu Trường Đại học Cần Thơ
LEADER 01131nam a2200205Ia 4500
001 CTU_22953
008 210402s9999 xx 000 0 und d
020 |b 30,500đ 
082 |a 352.66 
082 |b H100 
100 |a Tô Tử Hạ 
245 0 |a Công chức và vấn đề xây dựng đội ngũ cán bộ, công chức hiện nay 
245 0 |c Tô Tử Hạ 
260 |a Hà Nội 
260 |b Chính trị Quốc gia 
260 |c 1998 
520 |a Sách cung cấp kiến thức về kinh nghiệm xây dựng đội ngũ công chức của các nước trên thế giới và quá trình hình thành và phát triển đội ngũ công chức ở nước ta từ sau Cách mạng tháng Tám đến nay; đồng thời cung cấp những hiểu biết về Pháp lệnh cán bộ, công chức vừa được Quốc hội ban hành 
650 |a administrative law,public administration,public officers 
904 |i Minh, 980709 
980 |a Trung tâm Học liệu Trường Đại học Cần Thơ